| 000 | 00889nam a22002057a 4500 | ||
|---|---|---|---|
| 003 | OSt | ||
| 005 | 20250827113740.0 | ||
| 008 | 240308b ||||| |||| 00| 0 eng d | ||
| 040 | _c0 | ||
| 082 | _aDPer 621.317 Ie21 July 2022 v.37 n. 7 | ||
| 100 |
_aSha, Deshang. _eauthor. _954251 |
||
| 245 |
_aZVS-interleaved synchronous buck DC-DC converter with a coupled inductor by varying switching frequency and deadtime / _cDeshang Sha, Yuting Zhao, and Denbin Zhang |
||
| 260 |
_aNew York ; _bThe Institute of Electrical and Electronics Engineers, Inc. , _cJuly 2022. |
||
| 300 |
_avolume 37, pages 8190-8198 : _billustration ; _c28 cm. |
||
| 500 | _a IEEE Transactions on Power Electronics, vol. 37, no. 7, pages 8190-8198, July 2022. | ||
| 700 |
_aSha, Deshang. _eauthor. _954251 |
||
| 700 |
_aZhao, Yuting. _eauthor. _954252 |
||
| 700 |
_aZhang, Denbin. _eauthor. _954253 |
||
| 942 |
_2ddc _cPER |
||
| 999 |
_c19578 _d19578 |
||